| 000 | 00930nas a2200301 4500 | ||
|---|---|---|---|
| 001 | BR8201914 | ||
| 003 | BR-BrBNA | ||
| 005 | 20231205085122.0 | ||
| 007 | ta | ||
| 008 | 230509b bl.|||p| |||| 00| 00por d | ||
| 040 |
_aBR-BrBNA _bpor _cBiblioteca Nacional de Agricultura |
||
| 041 | _a(Pt) | ||
| 072 | _aF00; H70; E70 | ||
| 100 | 1 | _aSilva, M.P.F. da | |
| 245 | 1 | _aManejo Pos-colheita da manga [Mangifera indica; Armazenamento; Embalagem; Brasil] | |
| 650 | _aMANGA | ||
| 650 | _aFUNGICIDA | ||
| 650 | _aMANEJO | ||
| 650 | _aPOS-COLHEITA | ||
| 650 | _aPRODUTO ARMAZENADO | ||
| 650 | _aDOENCA DE PLANTA | ||
| 650 | _aCONTROLE QUIMICO | ||
| 650 | _aARMAZENAMENTO | ||
| 650 | _aEMBALAGEM | ||
| 773 | 0 |
_tInforme Agropecuario - Empresa de Pesquisa Agropecuaria de Minas Gerais (Brazil) _xISSN 0100-3364 _g(Feb 1982), v. 8(86) p. 45-47 _wBR8201914 |
|
| 909 |
_a202311 _bLúcia _c55 _dLúcia Elande |
||
| 942 |
_2AGRIS _n0 _cANA |
||
| 999 |
_c109341 _d109341 |
||